Movie Characters Quiz - Statistics

General Stats
  • This quiz has been taken 38 times
  • The average score is 33 of 45
Answer Stats
Question Tile Select % Correct
Characters of The Dark Knight Trilogy Antonio No
91%
Characters of Star Wars Seraphine No
91%
Characters of The Dark Knight Trilogy The Joker Yes
91%
Characters of Star Wars Chewbacca Yes
88%
Characters of Star Wars Darth Vader Yes
88%
Characters of Harry Potter Grimstrook No
88%
Characters of Star Wars Harisson Ford No
88%
Characters of The Dark Knight Trilogy Platon No
88%
Characters of The Lord of The Rings Belle No
85%
Characters of The Dark Knight Trilogy Bruce Wayne Yes
85%
Characters of The Dark Knight Trilogy Christine Perth No
85%
Characters of The Avengers movies. (Not solo movies) C'thul No
85%
Characters of Star Wars Empress Ch'al No
85%
Characters of Star Wars Obi-Wan Kenobi Yes
85%
Characters of Harry Potter Professor Alduin No
85%
Characters of The Dark Knight Trilogy The Reaper No
85%
Characters of The Avengers movies. (Not solo movies) Man of Steel No
82%
Characters of Harry Potter Ronald Weasley Yes
82%
Characters of The Dark Knight Trilogy Alfred Yes
76%
Characters of The Avengers movies. (Not solo movies) Bane No
76%
Characters of The Dark Knight Trilogy Batwoman No
76%
Characters of The Lord of The Rings Boromir Yes
76%
Characters of Harry Potter Dobby Yes
76%
Characters of Star Wars General Badu No
76%
Characters of The Avengers movies. (Not solo movies) Scarecrow No
76%
Characters of The Lord of The Rings Aragorn Yes
73%
Characters of Harry Potter Bellatrix LeBlanc No
73%
Characters of Harry Potter Cedric Diggory Yes
73%
Characters of Harry Potter Lucius Malfoy Yes
73%
Characters of Star Wars Luke Skywanderer No
73%
Characters of The Lord of The Rings Zalin No
73%
Characters of The Avengers movies. (Not solo movies) Bruce Banner Yes
70%
Characters of The Lord of The Rings Gimli Yes
70%
Characters of The Lord of The Rings Theodar No
70%
Characters of The Avengers movies. (Not solo movies) Antman Yes
67%
Characters of Harry Potter Luna Lovegood Yes
67%
Characters of The Avengers movies. (Not solo movies) The Falcon Yes
67%
Characters of The Lord of The Rings Lothlorien No
64%
Characters of Star Wars Padme Amidala Yes
64%
Characters of The Avengers movies. (Not solo movies) Steven Rogers Yes
58%
Characters of Harry Potter Hermione Stranger No
55%
Characters of The Dark Knight Trilogy Lucius Fox Yes
55%
Characters of The Avengers movies. (Not solo movies) Peggy Carter Yes
45%
Characters of The Lord of The Rings Denethor Yes
39%
Characters of The Lord of The Rings Gamling Yes
27%
No matching quizzes found
Score Distribution
Percent of People with Each Score
Percentile by Number Answered
Your Score History
You have not taken this quiz